[Event "EWICC 2019"]
[Site "Antalya"]
[Date "2019.04.14"]
[Round "4.62"]
[White "Hapala, Elisabeth"]
[Black "Pipia, Ekaterine"]
[Result "1/2-1/2"]
[WhiteElo "2140"]
[BlackElo "1936"]
[Annotator "NA"]
[PlyCount "152"]
[EventDate "2019.04.11"]
[EventType "swiss"]
[EventCountry "TUR"]
[SourceTitle "playchess.com"]
[Source "ChessBase"]
[SourceQuality "1"]

1. e4 g6 2. d4 Bg7 3. Nc3 d6 4. f4 a6 5. Nf3 b5 6. Bd3 Nd7 7. e5 c5 8. Be4 Rb8 9. O-O Bb7 10. exd6 exd6 11. Re1 Ne7 12. dxc5 dxc5 13. f5 O-O 14. fxg6 hxg6 15. Bf4 Bxe4 16. Nxe4 Rb7 17. Rb1 Nf5 18. Qd5 Qb6 19. Nd6 c4+ 20. Kh1 Nxd6 21. Qxd6 Nf6 22. c3 Ng4 23. Qxb6 Rxb6 24. Kg1 Bh6 25. Bxh6 Nxh6 26. Rbd1 Nf5 27. g4 Ng7 28. Rd7 Ne6 29. Ne5 Nc5 30. Rd5 Rc8 31. Rf1 Rb7 32. g5 Ne6 33. Ng4 Rc5 34. Rfd1 Rxd5 35. Rxd5 Rb8 36. h4 Rd8 37. Kf2 Kf8 38. Rxd8+ Nxd8 39. Ke3 Ke7 40. Ke4 Ke6 41. a4 Nb7 42. axb5 axb5 43. Kd4 Kd6 44. Ne5 Nd8 45. Ke4 Ke6 46. Nf3 Nc6 47. Ne1 Ne5 48. Nc2 Nc6 49. Na3 Na7 50. Kd4 Kd6 51. Ke4 Ke6 52. Nb1 Nc6 53. Nd2 Kd6 54. b3 cxb3 55. Nxb3 Ke6 56. Nc5+ Kd6 57. Nd3 Ne7 58. Ne5 Ke6 59. Nf3 Nf5 60. Kf4 Nd6 61. Ne5 Kd5 62. Nf3 Ne4 63. Ne5 Nxc3 64. Nxf7 b4 65. h5 b3 66. hxg6 b2 67. g7 b1=Q 68. g8=Q Qe4+ 69. Kg3 Ne2+ 70. Kf2 Qf4+ 71. Kxe2 Qe4+ 72. Kf2 Qf4+ 73. Ke2 Qe4+ 74. Kf2 Qf4+ 75. Kg2 Qg4+ 76. Kf2 Qf4+ 1/2-1/2

[Event "EWICC 2019"]
[Site "Antalya"]
[Date "2019.04.14"]
[Round "4.63"]
[White "Trisha Kanyamarala"]
[Black "Teuschler, Barbara"]
[Result "1-0"]
[WhiteElo "2028"]
[BlackElo "2180"]
[Annotator "NA"]
[PlyCount "65"]
[EventDate "2019.04.11"]
[EventType "swiss"]
[EventCountry "TUR"]
[SourceTitle "playchess.com"]
[Source "ChessBase"]
[SourceQuality "1"]

1. d4 Nf6 2. c4 b6 3. f3 Nc6 4. Nc3 e5 5. d5 Ne7 6. e4 Ng6 7. Be3 Bc5 8. Qd2 d6 9. Nge2 h6 10. g3 Bxe3 11. Qxe3 O-O 12. Bg2 Nh7 13. O-O f5 14. f4 fxe4 15. Bxe4 exf4 16. Qd3 Ne5 17. Bxh7+ Kh8 18. Qc2 f3 19. Nf4 Qg5 20. Ne4 Qg4 21. Nf2 Qg5 22. Ng6+ Nxg6 23. Qxg6 Qd2 24. Qc2 Qg5 25. Bd3 h5 26. Qc1 Qf6 27. Qc3 Qg5 28. Qd4 Bd7 29. Qh4 Qh6 30. Qe7 Rad8 31. Rae1 Rfe8 32. Qf7 Rf8 33. Qg6 1-0

[Event "EWICC 2019"]
[Site "Antalya"]
[Date "2019.04.14"]
[Round "4.64"]
[White "Kocyigit, Buse Naz"]
[Black "Makka, Ioulia"]
[Result "1-0"]
[WhiteElo "1932"]
[BlackElo "2121"]
[Annotator "NA"]
[PlyCount "139"]
[EventDate "2019.04.11"]
[EventType "swiss"]
[EventCountry "TUR"]
[SourceTitle "playchess.com"]
[Source "ChessBase"]
[SourceQuality "1"]

1. d4 Nf6 2. Bg5 e6 3. e4 h6 4. Bxf6 Qxf6 5. c3 d6 6. Bd3 Nd7 7. Nd2 g6 8. Ne2 e5 9. O-O g5 10. a4 Bg7 11. a5 a6 12. Nc4 O-O 13. Ne3 Re8 14. Ng3 Qd8 15. Nef5 Nf6 16. Re1 Be6 17. h3 c5 18. d5 Bc8 19. Re3 Qc7 20. b3 Bd7 21. Be2 Rad8 22. h4 Nh7 23. hxg5 Nxg5 24. Bg4 Bxf5 25. Nxf5 Kh7 26. Qe2 Rg8 27. Kf1 Bf8 28. g3 f6 29. f4 Nf7 30. Nh4 Rg7 31. Nf5 Rg8 32. Nh4 Rg7 33. Nf5 Rg8 34. Kf2 Nh8 35. Nh4 Rg7 36. Bf5+ Kg8 37. Be6+ Kh7 38. Qh5 Rb8 39. Rh1 Re7 40. Bf5+ Kg8 41. Be6+ Rxe6 42. dxe6 Qe7 43. Nf5 Qxe6 44. Nxh6+ Bxh6 45. Qxh6 Nf7 46. Qg6+ Kf8 47. Rh7 Ke7 48. c4 Rf8 49. Qf5 Qxf5 50. exf5 Rg8 51. fxe5 fxe5 52. f6+ Ke6 53. Rg7 Rh8 54. Rf3 Rh2+ 55. Kg1 Rb2 56. Rg8 Kd7 57. Rf8 Ng5 58. Rf5 Nh3+ 59. Kf1 Ke6 60. g4 Nf4 61. Re8+ Kf7 62. Re7+ Kf8 63. Rxb7 Rb1+ 64. Kf2 Rb2+ 65. Kf3 Rd2 66. f7 Rd3+ 67. Kf2 Rd2+ 68. Ke1 Re2+ 69. Kd1 Rh2 70. Rb8+ 1-0

[Event "EWICC 2019"]
[Site "Antalya"]
[Date "2019.04.14"]
[Round "4.65"]
[White "Olde, Margareth"]
[Black "Nemcova, Karin"]
[Result "1/2-1/2"]
[WhiteElo "2088"]
[BlackElo "2066"]
[Annotator "NA"]
[PlyCount "44"]
[EventDate "2019.04.11"]
[EventType "swiss"]
[EventCountry "TUR"]
[SourceTitle "playchess.com"]
[Source "ChessBase"]
[SourceQuality "1"]

1. d4 Nf6 2. c4 e6 3. Nf3 d5 4. g3 Bb4+ 5. Bd2 Be7 6. Bg2 O-O 7. O-O Nbd7 8. Qc2 c6 9. Rd1 b6 10. Bf4 Ba6 11. b3 Rc8 12. Nc3 dxc4 13. Nd2 Nd5 14. bxc4 Nxf4 15. gxf4 f5 16. Qa4 Bb7 17. Nf3 Qc7 18. e3 Rf6 19. Kh1 Rh6 20. Rg1 a6 21. Qb3 Rd8 22. Rab1 c5 1/2-1/2

[Event "EWICC 2019"]
[Site "Antalya"]
[Date "2019.04.15"]
[Round "5.1"]
[White "Houska, Jovanka"]
[Black "Kashlinskaya, Alina"]
[Result "0-1"]
[WhiteElo "2426"]
[BlackElo "2477"]
[Annotator "ChessBase"]
[PlyCount "78"]
[EventDate "2019.04.11"]
[EventType "swiss"]
[EventCountry "TUR"]
[SourceTitle "playchess.com"]
[Source "ChessBase"]
[SourceQuality "1"]

1. Nf3 d5 2. g3 c6 3. Bg2 Bg4 4. d3 Nd7 5. h3 Bh5 6. O-O Ngf6 7. Qe1 e5 8. e4 dxe4 9. dxe4 Bc5 10. a4 a5 11. Nbd2 Qc7 12. Nc4 O-O 13. Bd2 b6 14. Nh4 Rfe8 15. Kh2 Bg6 16. Bc3 Bd4 17. f3 Nc5 18. b3 Ne6 19. Rd1 Rad8 20. Nxg6 hxg6 21. h4 Bxc3 22. Qxc3 Nd4 23. Rd3 Nh5 24. Qd2 b5 25. Qxa5 Qe7 26. Rxd4 exd4 27. axb5 cxb5 28. Qxb5 d3 29. cxd3 Rxd3 30. Nb6 Rd2 31. Nc4 Ra2 32. e5 Rd8 33. Qb6 Rd3 34. Qb8+ Kh7 35. Nd6 Nxg3 36. Kxg3 Qxe5+ 37. Kh3 Rxd6 38. Qb4 Rdd2 39. Rg1 Qe3 0-1

[Event "EWICC 2019"]
[Site "Antalya"]
[Date "2019.04.15"]
[Round "5.3"]
[White "Gaponenko, Inna"]
[Black "Danielian, Elina"]
[Result "1/2-1/2"]
[WhiteElo "2428"]
[BlackElo "2413"]
[Annotator "NA"]
[PlyCount "95"]
[EventDate "2019.04.11"]
[EventType "swiss"]
[EventCountry "TUR"]
[SourceTitle "playchess.com"]
[Source "ChessBase"]
[SourceQuality "1"]

1. e4 c6 2. d4 d5 3. e5 Bf5 4. Nf3 e6 5. Be2 Nd7 6. O-O h6 7. a4 Ne7 8. a5 a6 9. b4 Qc7 10. Ne1 f6 11. g4 Bh7 12. f4 h5 13. g5 O-O-O 14. Nc3 Nf5 15. Rb1 h4 16. Na4 Bg6 17. Rb3 h3 18. Kh1 Be7 19. Nf3 fxg5 20. fxg5 Rdf8 21. Bd2 Nh4 22. Nxh4 Rxh4 23. Rxf8+ Nxf8 24. Be1 Rf4 25. Rxh3 Bxg5 26. Nb6+ Kb8 27. Kg1 Qf7 28. c3 Be4 29. Rg3 Bh4 30. Rg4 Ng6 31. Bg3 Bxg3 32. Rxg3 Rh4 33. Bf3 Nf4 34. Bxe4 dxe4 35. Qe1 Nd3 36. Qe2 Rf4 37. Rg2 Rf3 38. Rg3 Rxg3+ 39. hxg3 Qg6 40. Qh2 Kc7 41. Na8+ Kd7 42. Nb6+ Kc7 43. Qh4 Qf7 44. Na8+ Kd7 45. Nb6+ Kc7 46. Na8+ Kd7 47. Nb6+ Kc7 48. Na8+ 1/2-1/2

[Event "EWICC 2019"]
[Site "Antalya"]
[Date "2019.04.15"]
[Round "5.4"]
[White "Goryachkina, Aleksandra"]
[Black "Guseva, Marina"]
[Result "1/2-1/2"]
[WhiteElo "2534"]
[BlackElo "2404"]
[Annotator "ChessBase"]
[PlyCount "74"]
[EventDate "2019.04.11"]
[EventType "swiss"]
[EventCountry "TUR"]
[SourceTitle "playchess.com"]
[Source "ChessBase"]
[SourceQuality "1"]

1. e4 c5 2. Nf3 d6 3. c3 Nf6 4. Be2 g6 5. O-O Bg7 6. Bb5+ Nc6 7. d4 O-O 8. d5 Na5 9. Re1 e6 10. Bf1 Re8 11. Na3 exd5 12. exd5 Rxe1 13. Nxe1 Bf5 14. Nac2 Rc8 15. Ne3 Bd7 16. c4 a6 17. Rb1 b5 18. cxb5 axb5 19. b4 cxb4 20. Rxb4 Qe8 21. Bb2 Ne4 22. Bxg7 Kxg7 23. Qd4+ Nf6 24. Qb6 Nc4 25. Bxc4 bxc4 26. Qxd6 c3 27. Qf4 Nxd5 28. Qd4+ Nf6 29. Rb6 Be6 30. g4 Qd8 31. Rd6 Qa5 32. Nd5 Bxd5 33. Qxf6+ Kg8 34. Qe5 c2 35. Nxc2 Qxa2 36. Qxd5 Qxd5 37. Rxd5 Rxc2 1/2-1/2

[Event "EWICC 2019"]
[Site "Antalya"]
[Date "2019.04.15"]
[Round "5.5"]
[White "Khotenashvili, Bela"]
[Black "Osmak, Iulija"]
[Result "1-0"]
[WhiteElo "2479"]
[BlackElo "2399"]
[Annotator "ChessBase"]
[PlyCount "87"]
[EventDate "2019.04.11"]
[EventType "swiss"]
[EventCountry "TUR"]
[SourceTitle "playchess.com"]
[Source "ChessBase"]
[SourceQuality "1"]

1. d4 d5 2. c4 c6 3. cxd5 cxd5 4. Bf4 Nc6 5. Nc3 Nf6 6. e3 a6 7. Be2 e6 8. Nf3 Bd6 9. Bxd6 Qxd6 10. O-O O-O 11. Rc1 b5 12. a4 bxa4 13. Nxa4 Bd7 14. Nc5 Rfb8 15. Bxa6 Rxb2 16. Bb7 Rd8 17. Nxd7 Rxb7 18. Nxf6+ gxf6 19. Ne1 Ne7 20. Nd3 Ng6 21. g3 Kh8 22. Qf3 Qe7 23. h4 Rg8 24. Kh2 f5 25. Rc3 Rc7 26. Rxc7 Qxc7 27. Rc1 Qe7 28. h5 Nf8 29. Kg2 h6 30. Qf4 Qg5 31. Ne5 Qxf4 32. exf4 f6 33. Nf7+ Kh7 34. Rc8 Rg4 35. Ng5+ hxg5 36. f3 Rxg3+ 37. Kxg3 gxf4+ 38. Kxf4 Kg7 39. Kg3 e5 40. Rc7+ Kg8 41. Re7 exd4 42. f4 d3 43. Kf2 d2 44. Ke2 1-0

[Event "EWICC 2019"]
[Site "Antalya"]
[Date "2019.04.15"]
[Round "5.7"]
[White "Paehtz, Elisabeth"]
[Black "Milliet, Sophie"]
[Result "1/2-1/2"]
[WhiteElo "2456"]
[BlackElo "2394"]
[Annotator "ChessBase"]
[PlyCount "76"]
[EventDate "2019.04.11"]
[EventType "swiss"]
[EventCountry "TUR"]
[SourceTitle "playchess.com"]
[Source "ChessBase"]
[SourceQuality "1"]

1. e4 c5 2. Nf3 e6 3. d4 cxd4 4. Nxd4 Nc6 5. Nc3 Qc7 6. g3 a6 7. Bg2 h5 8. Bg5 Nf6 9. Nxc6 bxc6 10. O-O Ng4 11. h3 Ne5 12. b3 Bc5 13. Na4 Ba7 14. c4 f6 15. Bc1 h4 16. c5 hxg3 17. f4 Ng6 18. Qg4 Kf7 19. f5 exf5 20. exf5 Ne5 21. Qxg3 d5 22. Bf4 Bd7 23. Rae1 Rae8 24. Kh1 Kf8 25. Nb6 Bb8 26. Bxe5 Rxe5 27. Rxe5 fxe5 28. f6 g6 29. Nxd7+ Qxd7 30. Qxg6 e4 31. Rf5 Qc7 32. Kg1 Qg3 33. Rg5 Qe3+ 34. Kf1 Qc1+ 35. Ke2 Qc2+ 36. Ke1 Qc1+ 37. Ke2 Qc2+ 38. Ke1 Qc1+ 1/2-1/2

[Event "EWICC 2019"]
[Site "Antalya"]
[Date "2019.04.15"]
[Round "5.8"]
[White "Pogonina, Natalija"]
[Black "Arakhamia-Grant, Ketevan"]
[Result "1/2-1/2"]
[WhiteElo "2455"]
[BlackElo "2360"]
[Annotator "ChessBase"]
[PlyCount "82"]
[EventDate "2019.04.11"]
[EventType "swiss"]
[EventCountry "TUR"]
[SourceTitle "playchess.com"]
[Source "ChessBase"]
[SourceQuality "1"]

1. d4 d5 2. c4 e6 3. Nf3 Nf6 4. Nc3 Nbd7 5. Bg5 Be7 6. e3 h6 7. Bh4 O-O 8. Be2 dxc4 9. Bxc4 b6 10. O-O Bb7 11. Qe2 Ne4 12. Nxe4 Bxh4 13. Nc3 c5 14. d5 exd5 15. Bxd5 Bxd5 16. Nxd5 Bf6 17. Rad1 Ne5 18. Rd2 Nxf3+ 19. Qxf3 Be5 20. Qh5 Qg5 21. Qd1 Qh4 22. f4 Bd6 23. g3 Qh3 24. e4 Rae8 25. Qf3 Bb8 26. f5 Be5 27. Nf4 Bxf4 28. Qxf4 f6 29. Rd7 Rf7 30. Rxf7 Kxf7 31. Rd1 Qh5 32. Rd7+ Kg8 33. Qc7 Kh8 34. Rd8 Rxd8 35. Qxd8+ Kh7 36. Qd3 Qg5 37. Qc3 Qg4 38. Qd3 Qg5 39. Qc3 Qg4 40. Qd3 Qg5 41. Qc3 Qg4 1/2-1/2

[Event "EWICC 2019"]
[Site "Antalya"]
[Date "2019.04.15"]
[Round "5.9"]
[White "Balajayeva, Khanim"]
[Black "Batsiashvili, Nino"]
[Result "1-0"]
[WhiteElo "2358"]
[BlackElo "2453"]
[Annotator "ChessBase"]
[PlyCount "95"]
[EventDate "2019.04.11"]
[EventType "swiss"]
[EventCountry "TUR"]
[SourceTitle "playchess.com"]
[Source "ChessBase"]
[SourceQuality "1"]

1. e4 g6 2. d4 Bg7 3. Nc3 d6 4. g3 Nf6 5. Bg2 O-O 6. Nge2 e5 7. O-O c6 8. a4 a5 9. h3 Na6 10. Be3 Nb4 11. Qd2 Be6 12. Rad1 Bc4 13. b3 Ba6 14. Rfe1 Qc7 15. f4 Rad8 16. g4 Rfe8 17. Ng3 exf4 18. Bxf4 c5 19. dxc5 Qxc5+ 20. Be3 Qc7 21. Bd4 d5 22. e5 Nd7 23. Nxd5 Nxd5 24. Bxd5 Nxe5 25. Qg2 Nf3+ 26. Qxf3 Bxd4+ 27. Kh1 Rxe1+ 28. Rxe1 b6 29. c4 Rf8 30. Kg2 Be5 31. Ne4 Kg7 32. Ng5 Bf6 33. Ne4 Bd4 34. Rf1 Bb7 35. Ng5 Bxd5 36. Qxd5 Bf6 37. Nxh7 Rd8 38. Nxf6 Qe7 39. Qf3 Rd2+ 40. Kh1 Qe5 41. Nh5+ Kh6 42. Qf4+ Qxf4 43. Nxf4 Kg5 44. Rf3 Kh4 45. Nd5 f5 46. gxf5 gxf5 47. Nxb6 Rb2 48. c5 1-0

[Event "EWICC 2019"]
[Site "Antalya"]
[Date "2019.04.15"]
[Round "5.10"]
[White "Mammadzada, Gunay"]
[Black "Fataliyeva, Ulviyya"]
[Result "1/2-1/2"]
[WhiteElo "2438"]
[BlackElo "2266"]
[Annotator "TA"]
[PlyCount "66"]
[EventDate "2019.04.11"]
[EventType "swiss"]
[EventCountry "TUR"]
[SourceTitle "playchess.com"]
[Source "ChessBase"]
[SourceQuality "1"]

1. e4 e6 2. d4 d5 3. Nd2 Nf6 4. e5 Nfd7 5. Bd3 c5 6. c3 Nc6 7. Ne2 cxd4 8. cxd4 f6 9. exf6 Qxf6 10. Nf3 h6 11. O-O Bd6 12. Ng3 O-O 13. Bc2 Rd8 14. Re1 a6 15. a3 Bb8 16. Qd3 Nf8 17. Bd2 Bd7 18. Qe3 Be8 19. Rac1 Ba7 20. Bc3 Rac8 21. Rcd1 Bg6 22. Bxg6 Qxg6 23. Ne2 Re8 24. Nf4 Qf6 25. Qd2 Ng6 26. Nxg6 Qxg6 27. Qd3 Qf6 28. Re2 Ne7 29. Rde1 Nf5 30. Ne5 Qh4 31. Nf3 Qf6 32. Ne5 Qh4 33. Nf3 Qf6 1/2-1/2

[Event "EWICC 2019"]
[Site "Antalya"]
[Date "2019.04.15"]
[Round "5.11"]
[White "Ushenina, Anna"]
[Black "Olsarova, Karolina"]
[Result "1-0"]
[WhiteElo "2432"]
[BlackElo "2264"]
[Annotator "NA"]
[PlyCount "83"]
[EventDate "2019.04.11"]
[EventType "swiss"]
[EventCountry "TUR"]
[SourceTitle "playchess.com"]
[Source "ChessBase"]
[SourceQuality "1"]

1. d4 d5 2. c4 c6 3. Nf3 Nf6 4. Qc2 dxc4 5. Qxc4 Bf5 6. g3 e6 7. Bg2 Be7 8. O-O O-O 9. Rd1 Nbd7 10. e3 Qc7 11. h3 Rad8 12. Qe2 e5 13. Nc3 h6 14. e4 Bh7 15. d5 Bb4 16. Ne1 Nc5 17. dxc6 Rxd1 18. Nxd1 Bxe1 19. Qxe1 Qxc6 20. f3 Nd3 21. Qc3 Qxc3 22. Nxc3 Rc8 23. Bf1 Nxc1 24. Rxc1 Kf8 25. Kf2 Nd7 26. h4 Nc5 27. Rd1 Re8 28. Rd5 b6 29. Bb5 Rc8 30. Rxe5 f6 31. Rd5 Bg8 32. Rd2 a5 33. Rd6 Rb8 34. Ke3 Ke7 35. Rc6 Rb7 36. Nd5+ Bxd5 37. exd5 Kd8 38. Kd4 Ke7 39. Rc8 Nd7 40. f4 Nc5 41. Bc6 Ra7 42. Rb8 1-0

[Event "EWICC 2019"]
[Site "Antalya"]
[Date "2019.04.15"]
[Round "5.12"]
[White "Sandu, Mihaela"]
[Black "Tsolakidou, Stavroula"]
[Result "1/2-1/2"]
[WhiteElo "2278"]
[BlackElo "2429"]
[Annotator "TA"]
[PlyCount "119"]
[EventDate "2019.04.11"]
[EventType "swiss"]
[EventCountry "TUR"]
[SourceTitle "playchess.com"]
[Source "ChessBase"]
[SourceQuality "1"]

1. e4 c5 2. Nf3 e6 3. d4 cxd4 4. Nxd4 Nc6 5. Nc3 Qc7 6. f4 a6 7. Nxc6 Qxc6 8. Bd3 b5 9. Qe2 Bb7 10. Bd2 Bc5 11. O-O-O Ne7 12. a3 O-O 13. Rhf1 f5 14. g4 d5 15. exd5 exd5 16. gxf5 Nxf5 17. Qg4 Qf6 18. Rde1 Bd6 19. Re2 Rad8 20. Kb1 Qf7 21. Rfe1 Bc8 22. Qg5 Nd4 23. Rg1 Bf5 24. Re3 Bc5 25. Rg2 Rd7 26. Bxf5 Nxf5 27. Rh3 Be7 28. Qg4 b4 29. axb4 Bxb4 30. Rd3 a5 31. Re2 h6 32. Re5 d4 33. Ne4 Bxd2 34. Rxd2 a4 35. Nc5 Rd5 36. Nxa4 Ra8 37. b3 Rxe5 38. fxe5 Qe6 39. Rf2 Rf8 40. Qe4 d3 41. Qxd3 Qxe5 42. Re2 Qf6 43. Qc3 Qd6 44. Kb2 Kh8 45. Qe5 Qg6 46. Rf2 Kh7 47. Nc5 Rf7 48. Nd3 Ne7 49. Rxf7 Qxf7 50. b4 Nd5 51. Qe4+ Kg8 52. b5 Nb6 53. Qd4 Qa7 54. Kc1 Qa3+ 55. Kd1 Qa5 56. Qe5 Na4 57. Qe6+ Kh7 58. Qe4+ Kg8 59. Qe8+ Kh7 60. Qe4+ 1/2-1/2

[Event "EWICC 2019"]
[Site "Antalya"]
[Date "2019.04.15"]
[Round "5.13"]
[White "Sargsyan, Anna M."]
[Black "Salimova, Nurgyul"]
[Result "0-1"]
[WhiteElo "2327"]
[BlackElo "2415"]
[Annotator "NA"]
[PlyCount "78"]
[EventDate "2019.04.11"]
[EventType "swiss"]
[EventCountry "TUR"]
[SourceTitle "playchess.com"]
[Source "ChessBase"]
[SourceQuality "1"]

1. d4 Nf6 2. c4 e6 3. Nf3 d5 4. Nc3 c6 5. Bg5 dxc4 6. e4 b5 7. e5 h6 8. Bh4 g5 9. Nxg5 hxg5 10. Bxg5 Be7 11. exf6 Bxf6 12. Bxf6 Qxf6 13. g3 Na6 14. Bg2 Bb7 15. a4 O-O-O 16. axb5 cxb5 17. Bxb7+ Kxb7 18. Nxb5 Nb4 19. O-O Nc6 20. f4 a6 21. Nc3 Qxd4+ 22. Qxd4 Rxd4 23. Rad1 Kc7 24. f5 e5 25. Kg2 Rb8 26. Rf2 Nb4 27. Ra1 Nd3 28. Rc2 Rxb2 29. Rxb2 Nxb2 30. Rxa6 Rd2+ 31. Kh3 Rd3 32. Ra2 Rxc3 33. Rxb2 Rb3 34. Re2 Kd6 35. Kg4 c3 36. h4 Kd5 37. h5 Rb2 38. Re1 c2 39. Rc1 Kd4 0-1

[Event "EWICC 2019"]
[Site "Antalya"]
[Date "2019.04.15"]
[Round "5.14"]
[White "Brunello, Marina"]
[Black "Dzagnidze, Nana"]
[Result "1-0"]
[WhiteElo "2356"]
[BlackElo "2513"]
[Annotator "ChessBase"]
[PlyCount "81"]
[EventDate "2019.04.11"]
[EventType "swiss"]
[EventCountry "TUR"]
[SourceTitle "playchess.com"]
[Source "ChessBase"]
[SourceQuality "1"]

1. e4 c5 2. Nf3 d6 3. d4 cxd4 4. Nxd4 Nf6 5. Nc3 a6 6. Be3 e5 7. Nf3 Be7 8. Bc4 O-O 9. Bb3 Nc6 10. Bg5 Nd7 11. Be3 Nf6 12. Bg5 Na5 13. Bxf6 Bxf6 14. Nd5 Nxb3 15. axb3 Be7 16. Nd2 f5 17. Nc4 fxe4 18. Nxe7+ Qxe7 19. Qxd6 Qg5 20. Qd5+ Kh8 21. O-O Bh3 22. Ne3 Rf4 23. Kh1 Bg4 24. Qxb7 Raf8 25. Qxa6 h5 26. Nxg4 hxg4 27. Qe2 R8f6 28. g3 Rh6 29. Ra6 Rxa6 30. Qxa6 Rf8 31. Qe2 e3 32. Kg2 Rf3 33. fxe3 Rxe3 34. Qc4 Qd8 35. Qxg4 e4 36. Qh3+ Kg8 37. Qe6+ Kh7 38. Qh3+ Kg8 39. Qe6+ Kh7 40. Rf4 Re2+ 41. Kh3 1-0

[Event "EWICC 2019"]
[Site "Antalya"]
[Date "2019.04.15"]
[Round "5.15"]
[White "Stefanova, Antoaneta"]
[Black "Mammadova, Gulnar"]
[Result "1/2-1/2"]
[WhiteElo "2464"]
[BlackElo "2349"]
[Annotator "ChessBase"]
[PlyCount "106"]
[EventDate "2019.04.11"]
[EventType "swiss"]
[EventCountry "TUR"]
[SourceTitle "playchess.com"]
[Source "ChessBase"]
[SourceQuality "1"]

1. d4 e6 2. c4 b6 3. e4 Bb7 4. Bd3 f5 5. exf5 Bb4+ 6. Kf1 Nf6 7. c5 bxc5 8. a3 c4 9. Bxc4 Ba5 10. fxe6 dxe6 11. Bxe6 Qe7 12. Bc4 Nc6 13. Qe2 Nxd4 14. Qxe7+ Kxe7 15. Nc3 Rad8 16. Be3 Bb6 17. Rc1 Rhf8 18. Na4 Ng4 19. Bg5+ Kd6 20. f3 Rde8 21. Rd1 c5 22. Ne2 Ne5 23. Nxd4 Nxc4 24. Nf5+ Kc7 25. Nxg7 Re5 26. h4 Bc6 27. Nxb6 Kxb6 28. Rh3 Rf7 29. Nh5 h6 30. Bxh6 Rxh5 31. Bc1 Rfh7 32. b3 Ne5 33. Bg5 Nf7 34. Be3 Rxh4 35. Rxh4 Rxh4 36. b4 Rh1+ 37. Ke2 Rxd1 38. Kxd1 Kb5 39. Bxc5 a6 40. Kd2 Kc4 41. Ke3 Kd5 42. f4 Nh6 43. Bf8 Nf5+ 44. Kd3 Ng3 45. Ke3 Nf5+ 46. Kd3 Bb5+ 47. Kd2 Ng3 48. Ke3 Nf5+ 49. Kd2 Ng3 50. Kc2 Bf1 51. Kb3 Ne2 52. Ka4 Nd4 53. Bg7 Ne6 1/2-1/2

[Event "EWICC 2019"]
[Site "Antalya"]
[Date "2019.04.15"]
[Round "5.16"]
[White "Doluhanova, Evgeniya"]
[Black "Girya, Olga"]
[Result "1/2-1/2"]
[WhiteElo "2339"]
[BlackElo "2461"]
[Annotator "ChessBase"]
[PlyCount "79"]
[EventDate "2019.04.11"]
[EventType "swiss"]
[EventCountry "TUR"]
[SourceTitle "playchess.com"]
[Source "ChessBase"]
[SourceQuality "1"]

1. e4 c6 2. d4 d5 3. e5 Bf5 4. Nd2 e6 5. Nb3 Nd7 6. Nf3 Be4 7. c3 c5 8. Nxc5 Bxc5 9. dxc5 Nxc5 10. Be3 Nd7 11. h4 h6 12. Nd2 Bf5 13. Nb3 Ne7 14. g4 Be4 15. f3 Bh7 16. f4 Be4 17. Rh2 h5 18. Nc5 Nxc5 19. Bxc5 a6 20. Qa4+ Qd7 21. Qxd7+ Kxd7 22. Bxe7 Kxe7 23. g5 Rac8 24. Rd1 Rc5 25. Rd4 a5 26. Kd2 Rhc8 27. Be2 g6 28. Rh3 Bf5 29. Rg3 R8c7 30. a3 Rc8 31. Re3 Bb1 32. Rg3 Bf5 33. Re3 Kf8 34. Rg3 Ke7 35. Re3 Kf8 36. Bf1 Ke7 37. Rg3 Kf8 38. Re3 Ke7 39. Rg3 Kf8 40. Be2 1/2-1/2

[Event "EWICC 2019"]
[Site "Antalya"]
[Date "2019.04.15"]
[Round "5.17"]
[White "Cramling, Pia"]
[Black "Injac, Teodora"]
[Result "1/2-1/2"]
[WhiteElo "2460"]
[BlackElo "2310"]
[Annotator "RC"]
[PlyCount "133"]
[EventDate "2019.04.11"]
[EventType "swiss"]
[EventCountry "TUR"]
[SourceTitle "playchess.com"]
[Source "ChessBase"]
[SourceQuality "1"]

1. d4 Nf6 2. c4 g6 3. Nc3 Bg7 4. e4 d6 5. h3 O-O 6. Be3 c5 7. Nf3 Na6 8. Be2 b6 9. O-O cxd4 10. Nxd4 Bb7 11. Bf3 Nd7 12. Rc1 Ne5 13. Be2 Nc5 14. Qc2 Rc8 15. b4 Ncd7 16. Qb3 Nf6 17. f4 Nc6 18. Nxc6 Bxc6 19. Bf3 e6 20. Rfe1 Nd7 21. Qd1 Qe7 22. Qd3 e5 23. Bg4 Rcd8 24. Bxd7 Rxd7 25. f5 gxf5 26. exf5 e4 27. Qd2 Qe5 28. Rf1 d5 29. cxd5 Bf6 30. Rfd1 Rfd8 31. Bd4 Qxd4+ 32. Qxd4 Bxd4+ 33. Rxd4 Bxd5 34. Nxe4 Bxe4 35. Rxe4 Rd1+ 36. Rxd1 Rxd1+ 37. Kh2 Kg7 38. Re3 Kf6 39. Ra3 Rd4 40. Rxa7 Rxb4 41. Kg3 h5 42. Rb7 Kxf5 43. Rxf7+ Kg5 44. h4+ Kg6 45. Rf4 Rb2 46. Rf2 Rb4 47. Kf3 b5 48. g3 Ra4 49. Ke3 b4 50. Kd3 Ra3+ 51. Kc4 Rxg3 52. Kxb4 Rg4+ 53. Kb5 Rxh4 54. a4 Re4 55. a5 h4 56. Ra2 Kg5 57. a6 Re8 58. a7 Ra8 59. Kb6 h3 60. Kb7 Rxa7+ 61. Rxa7 h2 62. Ra1 Kg4 63. Kc6 Kg3 64. Kd5 Kg2 65. Ra2+ Kg3 66. Rxh2 Kxh2 67. Ke5 1/2-1/2

[Event "EWICC 2019"]
[Site "Antalya"]
[Date "2019.04.15"]
[Round "5.18"]
[White "Solozhenkina, Elizaveta"]
[Black "Shuvalova, Polina"]
[Result "1-0"]
[WhiteElo "2330"]
[BlackElo "2457"]
[Annotator "ChessBase"]
[PlyCount "95"]
[EventDate "2019.04.11"]
[EventType "swiss"]
[EventCountry "TUR"]
[SourceTitle "playchess.com"]
[Source "ChessBase"]
[SourceQuality "1"]

1. e4 c5 2. Nf3 Nc6 3. d4 cxd4 4. Nxd4 e5 5. Nb5 d6 6. N1c3 a6 7. Na3 b5 8. Nd5 Nge7 9. c4 Nxd5 10. exd5 Nd4 11. cxb5 Rb8 12. Be3 Nxb5 13. Nc4 Be7 14. a4 Nc7 15. Qd2 Bb7 16. Nb6 f5 17. f3 Bh4+ 18. g3 f4 19. Bf2 Bg5 20. Qd3 O-O 21. Bh3 fxg3 22. hxg3 e4 23. fxe4 a5 24. O-O Ba6 25. Qc2 Bxf1 26. Rxf1 Rf7 27. b3 Kh8 28. Nc4 Na6 29. e5 Nb4 30. Qe4 dxe5 31. Nxe5 Rf8 32. Be6 Rb7 33. Kg2 Rf6 34. Rh1 h6 35. Bd4 Qe8 36. Nf3 Rc7 37. Nxg5 Rc2+ 38. Qxc2 Nxc2 39. Bxf6 Ne3+ 40. Kf3 Nf5 41. Nf7+ Kh7 42. Bxf5+ Kg8 43. Be6 Qb8 44. Nxh6+ Kf8 45. Nf5 Qxb3+ 46. Kg4 Qc4+ 47. Bd4 Qe2+ 48. Kg5 1-0

[Event "EWICC 2019"]
[Site "Antalya"]
[Date "2019.04.15"]
[Round "5.19"]
[White "Garcia Martin, Marta"]
[Black "Bodnaruk, Anastasia"]
[Result "0-1"]
[WhiteElo "2315"]
[BlackElo "2427"]
[Annotator "NA RC"]
[PlyCount "96"]
[EventDate "2019.04.11"]
[EventType "swiss"]
[EventCountry "TUR"]
[SourceTitle "playchess.com"]
[Source "ChessBase"]
[SourceQuality "1"]

1. e4 c5 2. Nf3 d6 3. Bb5+ Nd7 4. c3 Ngf6 5. Qe2 a6 6. Ba4 b5 7. Bc2 Bb7 8. d4 e5 9. O-O Be7 10. Rd1 Qc7 11. d5 c4 12. Nh4 g6 13. Nf3 Bf8 14. a4 Nc5 15. Na3 Qb6 16. Be3 Bg7 17. Nd2 O-O 18. b4 cxb3 19. Nxb3 bxa4 20. Nxc5 dxc5 21. Nc4 Qc7 22. f3 a5 23. Bd3 Bxd5 24. exd5 Nxd5 25. Bd2 Rad8 26. Rxa4 f5 27. Nxa5 Kh8 28. Nc4 Rfe8 29. Bc2 e4 30. fxe4 fxe4 31. Ra3 e3 32. Be1 Qf7 33. g3 Rf8 34. Rd3 Bh6 35. Ne5 Qe6 36. Ng4 c4 37. Rd4 Bg7 38. Re4 Qb6 39. Nxe3 Bh6 40. Bf2 Rxf2 41. Qxf2 Nxe3 42. Ra4 Rf8 43. Rf4 Bxf4 44. gxf4 Qe6 45. h3 Nxc2 46. Qxc2 Qe1+ 47. Kg2 Rxf4 48. Ra2 Rf1 0-1